000 00494nab a2200145Ia 4500
003 ES-SlBCS
005 20210601134623.0
008 140529s1986 xxu||||| |||| 00| 0 spa d
041 _aspa
100 1 _aGonzález, Francisco Javier
_9123553
245 0 0 _aFilosofía de la Historia Latinoamericana según Leopoldo Zea
_c Francisco Javier González
650 0 4 _aFilosofía de la Historia Latinoamericana
_9220451
773 0 _tAnthropos
_gvol. 7, nº. 13, 1986, págs. 43-62
_wRev38
942 _cAR
999 _c615405
_d615405